Statistics for Blox Fruits Ultimate Quiz

Click here to take the quiz!

General Stats

  • This quiz has been taken 1,138 times
  • The average score is 11 of 15

Answer Stats

HintAnswer% Correct
A fruit that lets you emit darknessDark
97%
A fruit that makes you a yellow figureBuddha
95%
The fastest flying fruit in the gameLight
95%
What level is second sea700
93%
What level is third sea1,500
90%
How much beli (money) do you need to start a raid100,000
83%
How much fragments is Godhuman5,000
83%
What is the fruit that lets you teleport to placesPortal
83%
A fruit that has orange cracks in it and it OP for grindingMagma
71%
What is the fruit that is terrible when not awakened and the best when awakenedDough
70%
What level do you reach Hot and Cold Island1100
67%
What fruit emits blue flamesPhoenix
62%
How much beli do you need to get Godhuman3,000,000
47%
What is the title you get if you follow rip_indra and change your display to rip_ ex: rip_bidenrip_family
46%
Who created blox fruitsGamer_Robot
38%

Score Distribution

Percentile by Number Answered

Percent of People with Each Score

Your Score History

You have not taken this quiz